| 000 | 00704cam a2200265 4500500 | ||
|---|---|---|---|
| 005 | 20260405003407.0 | ||
| 041 | _afre | ||
| 042 | _adc | ||
| 100 | 1 | 0 |
_aLarmagnac-Matheron, Octave _eauthor |
| 245 | 0 | 0 | _a“216 000” |
| 260 | _c2021. | ||
| 500 | _a17 | ||
| 690 | _aAutorité | ||
| 690 | _aCatholicisme | ||
| 690 | _aDomination | ||
| 690 | _aÉglise | ||
| 690 | _aJeunes | ||
| 690 | _aPaul Ariès | ||
| 690 | _aPédophilie | ||
| 690 | _aPrêtre | ||
| 690 | _aSexe | ||
| 690 | _aViol | ||
| 786 | 0 | _nPhilosophie magazine | 154 | 11 | 2021-11-01 | p. 7-7 | 1951-1787 | |
| 856 | 4 | 1 | _uhttps://shs.cairn.info/magazine-philosophie-magazine-2021-11-page-7?lang=fr&redirect-ssocas=7080 |
| 999 |
_c2067087 _d2067087 |
||